[Event "OP-2010-0-01122"]
[Site "LSS email"]
[Date "2010.03.27"]
[Round "?"]
[White "Raluy Lopez, Marcos"]
[Black "Brenner, Renald"]
[Result "1-0"]
[WhiteElo "1643"]
[BlackElo "922"]
[PlyCount "43"]
[EventDate "2010.03.20"]
[EventType "tourn (corr)"]
[EventRounds "4"]
[EventCountry "GER"]
[SourceTitle "Telechess CBM 141"]
[Source "ChessBase"]
[SourceDate "2011.03.17"]
[SourceVersion "1"]
[SourceVersionDate "2011.03.17"]
[SourceQuality "1"]

1. d4 Nf6 2. c4 e6 3. Nc3 d5 4. cxd5 Nxd5 5. e4 Nxc3 6. bxc3 Nc6 7. Nf3 Be7 8. Bd3 0-0 9. 0-0 b6 10. Qc2 Bb7 11. Rd1 h6 12. Bb2 Na5 13. c4 Rc8 14. Bc3 Rb8 15. Re1 Re8 16. Rad1 c5 17. d5 exd5 18. cxd5 Bf6 19. e5 Bg5 20. e6 Bxd5 21. exf7+ Kxf7 22. Bg6+ 1-0

[Event "LSS No Engine Cup 19 Preliminary 4"]
[Site "LSS email"]
[Date "2010.03.22"]
[Round "?"]
[White "Brenner, Renald"]
[Black "Sherwood, Russell"]
[Result "0-1"]
[WhiteElo "923"]
[BlackElo "1721"]
[PlyCount "92"]
[EventDate "2010.03.23"]
[EventType "tourn (corr)"]
[EventRounds "6"]
[EventCountry "GER"]
[SourceTitle "Corr 2013"]
[Source "ChessBase"]
[SourceDate "2012.11.12"]
[SourceVersion "1"]
[SourceVersionDate "2012.11.12"]
[SourceQuality "1"]

1. e4 g6 2. d4 Bg7 3. Nf3 d6 4. Bc4 Nf6 5. Nc3 0-0 6. 0-0 Nc6 7. Bg5 Nxd4 8. Nxd4 c6 9. a3 Nxe4 10. Nxe4 d5 11. c3 dxc4 12. Qe2 h6 13. Bh4 g5 14. Bg3 f5 15. Nc5 Bxd4 16. Rad1 Qd5 17. Nxb7 c5 18. Nxc5 Qxc5 19. cxd4 Qd5 20. Qh5 Kg7 21. Be5+ Kh7 22. Rc1 Bb7 23. f3 Qf7 24. Qh3 Rg8 25. Rc2 Rac8 26. Rfc1 g4 27. fxg4 Rxg4 28. Rf2 Rcg8 29. Rcc2 Qd5 30. Kf1 Qe4 31. a4 a5 32. Rce2 Qd3 33. Qxd3 cxd3 34. Re3 Bxg2+ 35. Ke1 Be4 36. Rg3 Rxg3 37. hxg3 Rc8 38. Kd2 Kg6 39. Ke3 h5 40. b3 Rc3 41. Rb2 Kg5 42. Kd2 Rc8 43. Ke3 Kg4 44. Kd2 Kf3 45. Kd1 h4 46. gxh4 Ke3 0-1

[Event "LSS No Engine Cup 19 Preliminary 4"]
[Site "LSS email"]
[Date "2010.03.22"]
[Round "?"]
[White "Brenner, Renald"]
[Black "Yloenen, Olli"]
[Result "1-0"]
[WhiteElo "942"]
[BlackElo "1162"]
[PlyCount "43"]
[EventDate "2010.03.23"]
[EventType "tourn (corr)"]
[EventRounds "6"]
[EventCountry "GER"]
[SourceTitle "Telechess CBM 141"]
[Source "ChessBase"]
[SourceDate "2011.03.17"]
[SourceVersion "1"]
[SourceVersionDate "2011.03.17"]
[SourceQuality "1"]

1. d4 d5 2. c4 c6 3. e3 g6 4. Nf3 Bg7 5. Nc3 Nf6 6. Bd3 0-0 7. 0-0 Na6 8. a3 Bg4 9. h3 Bxf3 10. Qxf3 e6 11. Rd1 c5 12. cxd5 exd5 13. Bxa6 bxa6 14. dxc5 Ne4 15. Rxd5 Qh4 16. Qxe4 Qxe4 17. Nxe4 Rfe8 18. Nd6 Red8 19. e4 Kf8 20. Rb1 Ke7 21. Bg5+ Bf6 22. Re5+ 1-0

[Event "LSS No Engine Cup 19 Preliminary 4"]
[Site "LSS email"]
[Date "2010.03.22"]
[Round "?"]
[White "Potemri, Stefan"]
[Black "Brenner, Renald"]
[Result "1-0"]
[WhiteElo "1450"]
[BlackElo "956"]
[PlyCount "31"]
[EventDate "2010.03.23"]
[EventType "tourn (corr)"]
[EventRounds "6"]
[EventCountry "GER"]
[SourceTitle "Corr 2013"]
[Source "ChessBase"]
[SourceDate "2012.11.12"]
[SourceVersion "1"]
[SourceVersionDate "2012.11.12"]
[SourceQuality "1"]

1. e4 d6 2. d4 g6 3. Nc3 Bg7 4. Nf3 Nc6 5. Be2 Nf6 6. 0-0 0-0 7. d5 Ne5 8. Nxe5 dxe5 9. b3 b6 10. Ba3 Re8 11. Qe1 Bb7 12. Bb5 Rf8 13. Rd1 a6 14. Bc6 Bxc6 15. dxc6 Qe8 16. Nd5 1-0

[Event "LSS RN-2010-0-00265"]
[Site "LSS email"]
[Date "2010.02.24"]
[Round "?"]
[White "Holmquist, Marson C"]
[Black "Brenner, Renald"]
[Result "0-1"]
[WhiteElo "616"]
[BlackElo "914"]
[PlyCount "134"]
[EventDate "2010.02.13"]
[EventType "tourn (corr)"]
[EventRounds "6"]
[EventCountry "GER"]
[SourceTitle "Corr 2013"]
[Source "ChessBase"]
[SourceDate "2012.11.12"]
[SourceVersion "1"]
[SourceVersionDate "2012.11.12"]
[SourceQuality "1"]

1. d4 Nf6 2. c4 e6 3. Nc3 Bb4 4. Bd2 0-0 5. e4 Bxc3 6. Bxc3 b6 7. Bd3 Bb7 8. Qe2 d5 9. cxd5 exd5 10. e5 Re8 11. Nf3 Nc6 12. 0-0 Rc8 13. Qd2 Ne4 14. Qf4 Nxc3 15. bxc3 g6 16. c4 Kg7 17. Ng5 Rf8 18. Rae1 h6 19. Nxf7 Rxf7 20. Qg4 g5 21. f4 Nxd4 22. Qh5 Nf5 23. g4 Nh4 24. fxg5 Rxf1+ 25. Bxf1 Qxg5 26. Qxg5+ hxg5 27. Kf2 Rf8+ 28. Ke3 Rf3+ 29. Kd2 dxc4 30. Bxc4 Rf2+ 31. Ke3 Rxh2 32. Rf1 Rg2 33. Rf7+ Kg6 34. e6 Bc6 35. Rxc7 Rxg4 36. Rxc6 Nf5+ 37. Kf3 Rf4+ 38. Kg2 Ne3+ 39. Kg3 Nxc4 40. e7+ Kf7 41. Re6 Ke8 42. Re2 Nd6 43. Re6 Nf5+ 44. Kh2 Nxe7 45. Kh3 Kd7 46. Re5 Rf5 47. Re4 Kd6 48. Rd4+ Rd5 49. Ra4 a5 50. Rc4 b5 51. Rc3 b4 52. Rf3 Kc6 53. Kg4 a4 54. Rf6+ Kb5 55. Rf7 Nc6 56. Rb7+ Kc4 57. Rf7 Ne5+ 58. Kxg5 Nxf7+ 59. Kf6 Ng5 60. Kg6 Nf3 61. Kf6 b3 62. axb3+ axb3 63. Ke6 b2 64. Kf6 b1Q 65. Ke6 Qb6+ 66. Kf7 Rd7+ 67. Kf8 Qd8# 0-1

[Event "LSS OP-2009-0-00999"]
[Site "LSS email"]
[Date "2009.11.20"]
[Round "?"]
[White "Hueseyin, Oezoguz"]
[Black "Brenner, Renald"]
[Result "1-0"]
[WhiteElo "1524"]
[BlackElo "906"]
[PlyCount "47"]
[EventDate "2009.11.14"]
[EventType "tourn (corr)"]
[EventRounds "4"]
[EventCountry "GER"]
[SourceTitle "Telechess CBM 137"]
[Source "ChessBase"]
[SourceDate "2010.07.15"]
[SourceVersion "1"]
[SourceVersionDate "2010.07.15"]
[SourceQuality "1"]

1. e4 e6 2. d4 d5 3. Nc3 c5 4. exd5 exd5 5. dxc5 Nf6 6. Be3 Nc6 7. Nf3 Bg4 8. Bb5 Rc8 9. h3 Bf5 10. Qe2 Be7 11. 0-0-0 0-0 12. g4 Be6 13. g5 Nd7 14. Nxd5 Bxd5 15. Rxd5 Qa5 16. Rxd7 Qxa2 17. Nd2 Rb8 18. Qc4 Qa5 19. Nb3 Qa2 20. Qe4 Rfe8 21. Bxc6 Bxc5 22. Qf4 Bxe3+ 23. fxe3 Rf8 24. Bd5 1-0

[Event "LSS OP-2009-0-00999"]
[Site "LSS email"]
[Date "2009.11.20"]
[Round "?"]
[White "Venturas, Bob"]
[Black "Brenner, Renald"]
[Result "0-1"]
[WhiteElo "2167"]
[BlackElo "907"]
[PlyCount "46"]
[EventDate "2009.11.14"]
[EventType "tourn (corr)"]
[EventRounds "4"]
[EventCountry "GER"]
[SourceTitle "Telechess CBM 137"]
[Source "ChessBase"]
[SourceDate "2010.07.15"]
[SourceVersion "1"]
[SourceVersionDate "2010.07.15"]
[SourceQuality "1"]

1. e4 e6 2. d4 d5 3. e5 c5 4. Nf3 Nd7 5. Bb5 a6 6. Bxd7+ Bxd7 7. 0-0 Rc8 8. a3 Bb5 9. Re1 Ne7 10. Nc3 Qb6 11. Be3 Nf5 12. dxc5 Bxc5 13. Bxc5 Rxc5 14. h3 0-0 15. Rb1 Rfc8 16. g4 Ne7 17. Nd4 Bd7 18. Qd2 Qc7 19. Nb3 Rc4 20. Rbc1 b5 21. f4 Ng6 22. Re2 Nxf4 23. Qxf4 Rxf4 0-1

[Event "LSS OP-2007-0-00300"]
[Site "LSS email"]
[Date "2007.05.13"]
[Round "?"]
[White "Murphy, Jones"]
[Black "Brenner, Renald"]
[Result "1-0"]
[WhiteElo "1340"]
[BlackElo "956"]
[PlyCount "27"]
[EventDate "2007.05.11"]
[EventType "tourn (corr)"]
[EventRounds "4"]
[EventCountry "GER"]
[SourceTitle "Corr 2015"]
[Source "ChessBase"]
[SourceDate "2015.07.17"]
[SourceVersion "1"]
[SourceVersionDate "2015.07.17"]
[SourceQuality "1"]

1. e4 e6 2. d4 d5 3. Nc3 Bb4 4. e5 c5 5. Bd2 Qb6 6. a3 Ba5 7. dxc5 Qxb2 8. Ra2 Bxc3 9. Rxb2 Bxb2 10. c3 Bd7 11. Qb3 Bxa3 12. Qxb7 Bc6 13. Bb5 Ne7 14. Bxc6+ 1-0

[Event "IECG CF.2005.0.00073 email"]
[Site "IECG email"]
[Date "2005.07.19"]
[Round "?"]
[White "Brenner, Renald"]
[Black "Werbrouck, Jean Michel"]
[Result "0-1"]
[WhiteElo "1006"]
[BlackElo "1127"]
[PlyCount "28"]
[EventDate "2005.07.19"]
[EventType "tourn (corr)"]
[EventRounds "6"]
[SourceTitle "Corr 2024"]
[Source "ChessBase"]
[SourceDate "2023.10.19"]
[SourceVersion "1"]
[SourceVersionDate "2023.10.19"]
[SourceQuality "1"]

1. d4 d5 2. c4 dxc4 3. Nf3 a6 4. a4 Nf6 5. e3 Bg4 6. Bxc4 e6 7. 0-0 Bd6 8. Nc3 Nc6 9. h3 Bh5 10. g4 Bg6 11. Re1 Ne4 12. Bd3 Nxc3 13. bxc3 0-0 14. Bxg6 fxg6 0-1

[Event "CFriend RL-2005-0-00033 email"]
[Site "Chessfriend.com"]
[Date "2005.01.26"]
[Round "1"]
[White "Brenner, Renald"]
[Black "Cherner, Lyle"]
[Result "0-1"]
[WhiteElo "995"]
[BlackElo "1577"]
[PlyCount "54"]
[EventDate "2005.01.26"]
[EventType "tourn (corr)"]
[EventRounds "6"]
[SourceTitle "Corr 2008"]
[Source "ChessBase"]
[SourceDate "2008.06.24"]
[SourceVersion "1"]
[SourceVersionDate "2008.06.24"]
[SourceQuality "1"]

1. d4 f5 2. g3 Nf6 3. Bg2 g6 4. Nf3 Bg7 5. 0-0 0-0 6. c4 d6 7. b3 e5 8. dxe5 dxe5 9. Ba3 Re8 10. Nc3 e4 11. Nd4 c6 12. e3 Nbd7 13. Qc2 Ne5 14. Rad1 Qc7 15. Rd2 Qa5 16. Nb1 h6 17. h3 Nd3 18. f3 exf3 19. Rxd3 fxg2 20. Kxg2 Ne4 21. Ne2 b5 22. b4 Qa6 23. c5 Be6 24. Nec3 Nxc3 25. Nxc3 Qxa3 26. Nxb5 Qxb4 27. Nc7 Qe4+ 0-1

[Event "CFriend RL-2005-0-00033 email"]
[Site "Chessfriend.com"]
[Date "2005.01.26"]
[Round "1"]
[White "Feng, Jason"]
[Black "Brenner, Renald"]
[Result "1-0"]
[WhiteElo "1432"]
[BlackElo "995"]
[PlyCount "73"]
[EventDate "2005.01.26"]
[EventType "tourn (corr)"]
[EventRounds "6"]
[SourceTitle "Corr 2008"]
[Source "ChessBase"]
[SourceDate "2008.06.24"]
[SourceVersion "1"]
[SourceVersionDate "2008.06.24"]
[SourceQuality "1"]

1. e4 c6 2. d4 d5 3. e5 Bf5 4. Nc3 e6 5. Bd3 Ne7 6. Nf3 h6 7. 0-0 Bxd3 8. Qxd3 Nf5 9. Ne2 c5 10. dxc5 Bxc5 11. Qb5+ Nd7 12. Qxb7 Rb8 13. Qa6 Nh4 14. Nxh4 Qxh4 15. b3 0-0 16. Ba3 Ra8 17. Bxc5 Nxc5 18. Qa5 Rfc8 19. f4 Ne4 20. Nd4 Rc5 21. Qe1 Qxe1 22. Raxe1 Rac8 23. c4 a6 24. f5 exf5 25. cxd5 Rxd5 26. Nxf5 Rxe5 27. Nd6 Rc2 28. Nxe4 Rxa2 29. Nd6 Rxe1 30. Rxe1 g6 31. Re8+ Kg7 32. Re7 Ra1+ 33. Kf2 Rd1 34. Rxf7+ Kg8 35. Rf6 Rd2+ 36. Kf1 Kg7 37. Ne8+ 1-0

[Event "CFriend RL-2004-0-00024 email"]
[Site "Chessfriend.com"]
[Date "2004.07.08"]
[Round "?"]
[White "Brenner, Renald"]
[Black "Hasidume, Shuji"]
[Result "0-1"]
[WhiteElo "948"]
[BlackElo "1389"]
[PlyCount "86"]
[EventDate "2004.??.??"]
[EventType "tourn (corr)"]
[EventRounds "6"]
[SourceTitle "Corr 2008"]
[Source "ChessBase"]
[SourceDate "2008.06.24"]
[SourceVersion "1"]
[SourceVersionDate "2008.06.24"]
[SourceQuality "1"]

1. d4 Nf6 2. c4 e6 3. Nc3 Bb4 4. e3 0-0 5. a3 Bxc3+ 6. bxc3 c5 7. Nf3 d5 8. Bd3 Qc7 9. Qb3 Nc6 10. cxd5 exd5 11. dxc5 Bg4 12. Nd4 Ne5 13. Bc2 Ned7 14. 0-0 Nxc5 15. Qb2 Bd7 16. f3 Na4 17. Bxa4 Bxa4 18. Bd2 b6 19. Rfe1 Rfe8 20. Qb4 Bd7 21. a4 a5 22. Nb5 Qe5 23. Qd6 Bxb5 24. Qxe5 Rxe5 25. axb5 Ne8 26. Rab1 f5 27. Bc1 Nc7 28. Ba3 Re6 29. Kf2 Kf7 30. Red1 Kg6 31. Rd4 Rae8 32. Bc1 h5 33. h4 Re5 34. c4 dxc4 35. Rxc4 Nd5 36. f4 R5e6 37. Bd2 Nxe3 38. Bxe3 Rxe3 39. Rc6+ R3e6 40. Rxe6+ Rxe6 41. Rc1 Kf6 42. Rc4 Rd6 43. Ke3 Ke6 0-1

[Event "CFriend RL-2004-0-00024 email"]
[Site "Chessfriend.com"]
[Date "2004.07.08"]
[Round "?"]
[White "Brenner, Renald"]
[Black "Ong, Allan C"]
[Result "1-0"]
[WhiteElo "948"]
[BlackElo "853"]
[PlyCount "53"]
[EventDate "2004.??.??"]
[EventType "tourn (corr)"]
[EventRounds "6"]
[SourceTitle "Corr 2008"]
[Source "ChessBase"]
[SourceDate "2008.06.24"]
[SourceVersion "1"]
[SourceVersionDate "2008.06.24"]
[SourceQuality "1"]

1. d4 d5 2. c4 e5 3. dxe5 d4 4. Nf3 Nc6 5. a3 f6 6. exf6 Qxf6 7. Bg5 Qg6 8. Nbd2 h6 9. Bf4 Qf7 10. Be5 Bc5 11. Ne4 Qxc4 12. Rc1 Bb4+ 13. axb4 Qxb4+ 14. Qd2 Qe7 15. Rxc6 bxc6 16. Qxd4 Rh7 17. e3 Be6 18. Bc4 Qb4+ 19. Nfd2 Rd8 20. Qc3 Qe7 21. Bxe6 Qxe6 22. 0-0 Ne7 23. Bxg7 Nf5 24. Nf6+ Kf7 25. Nxh7 Nxg7 26. Nf3 Rh8 27. Nhg5+ 1-0

[Event "CFriend RL-2004-0-00022 email"]
[Site "Chessfriend.com"]
[Date "2004.05.17"]
[Round "?"]
[White "Brenner, Renald"]
[Black "Elias, Holger"]
[Result "0-1"]
[WhiteElo "948"]
[BlackElo "1387"]
[PlyCount "66"]
[EventDate "2004.??.??"]
[EventType "tourn (corr)"]
[EventRounds "6"]
[SourceTitle "Corr 2008"]
[Source "ChessBase"]
[SourceDate "2008.06.24"]
[SourceVersion "1"]
[SourceVersionDate "2008.06.24"]
[SourceQuality "1"]

1. d4 c5 2. d5 Nf6 3. c4 b5 4. cxb5 a6 5. bxa6 g6 6. Nc3 Bxa6 7. e4 Bxf1 8. Kxf1 d6 9. Nf3 Nbd7 10. h3 Bg7 11. Kg1 0-0 12. Kh2 Qa5 13. Re1 Rfb8 14. Re2 Qa6 15. Rc2 Ne8 16. Qe2 Nc7 17. Bd2 Qxe2 18. Nxe2 Rxb2 19. Rxb2 Bxb2 20. Rb1 Rxa2 21. Nc3 Bxc3 22. Bxc3 Na8 23. Rb7 Nab6 24. Bd2 Kf8 25. Be1 f6 26. Nd2 Ra1 27. Nf3 Ke8 28. Bc3 Ra3 29. Be1 Kd8 30. Rxb6 Nxb6 31. Nh4 Kd7 32. f3 c4 33. Bb4 Rb3 0-1

[Event "CFriend RL-2004-0-00022 email"]
[Site "Chessfriend.com"]
[Date "2004.05.17"]
[Round "?"]
[White "Hasidume, Shuji"]
[Black "Brenner, Renald"]
[Result "1-0"]
[WhiteElo "1389"]
[BlackElo "948"]
[PlyCount "71"]
[EventDate "2004.??.??"]
[EventType "tourn (corr)"]
[EventRounds "6"]
[SourceTitle "Corr 2008"]
[Source "ChessBase"]
[SourceDate "2008.06.24"]
[SourceVersion "1"]
[SourceVersionDate "2008.06.24"]
[SourceQuality "1"]

1. d4 Nf6 2. c4 g6 3. Nc3 d5 4. Nf3 Bg7 5. cxd5 Nxd5 6. e4 Nxc3 7. bxc3 0-0 8. Be2 c5 9. 0-0 b6 10. dxc5 Bxc3 11. Bh6 Bg7 12. Bxg7 Kxg7 13. Qc1 Ba6 14. Bxa6 Nxa6 15. Qc3+ Kg8 16. cxb6 Qxb6 17. Rab1 Qc5 18. Qd3 Nb4 19. Qd2 Rfb8 20. Rfc1 Qa5 21. h4 Qxa2 22. Rxb4 Qxd2 23. Rxb8+ Rxb8 24. Nxd2 a5 25. Ra1 Ra8 26. Nc4 a4 27. Nb6 Ra6 28. Nxa4 Kg7 29. f4 Kh6 30. Kf2 Kh5 31. Kf3 f5 32. exf5 gxf5 33. g3 h6 34. Ra2 Rd6 35. Nc5 Rc6 36. Ra5 1-0

[Event "CFriend SL-2003-0-00013 email"]
[Site "Chessfriend.com"]
[Date "2003.10.27"]
[Round "?"]
[White "Brenner, Renald"]
[Black "Laceur, Jan"]
[Result "1-0"]
[WhiteElo "923"]
[BlackElo "715"]
[PlyCount "35"]
[EventDate "2003.10.27"]
[EventType "tourn (corr)"]
[EventRounds "12"]
[SourceTitle "Corr 2008"]
[Source "ChessBase"]
[SourceDate "2008.06.24"]
[SourceVersion "1"]
[SourceVersionDate "2008.06.24"]
[SourceQuality "1"]

1. d4 d5 2. c4 dxc4 3. Nf3 Nf6 4. e3 e6 5. Bxc4 c5 6. 0-0 a6 7. a4 Nc6 8. Qe2 cxd4 9. Rd1 Be7 10. exd4 0-0 11. Nc3 Nb4 12. Ne5 Nfd5 13. Qe4 Ra7 14. Bb3 Nf6 15. Qf3 Nfd5 16. Nxd5 Nxd5 17. Bxd5 Qxd5 18. Qxd5 1-0

[Event "CFriend SL-2003-0-00013 email"]
[Site "Chessfriend.com"]
[Date "2003.10.27"]
[Round "?"]
[White "Brenner, Renald"]
[Black "Urbelz, Ignacio"]
[Result "0-1"]
[WhiteElo "923"]
[BlackElo "1517"]
[PlyCount "68"]
[EventDate "2003.10.27"]
[EventType "tourn (corr)"]
[EventRounds "12"]
[SourceTitle "Corr 2008"]
[Source "ChessBase"]
[SourceDate "2008.06.24"]
[SourceVersion "1"]
[SourceVersionDate "2008.06.24"]
[SourceQuality "1"]

1. d4 f5 2. c4 e6 3. g3 Nf6 4. Bg2 c6 5. Nf3 d5 6. 0-0 Bd6 7. b3 Qe7 8. Bb2 0-0 9. Ne5 Nbd7 10. f4 Ne4 11. a3 Ndf6 12. Nd2 Bd7 13. Nxe4 Nxe4 14. e3 b6 15. Qc2 a5 16. Bxe4 fxe4 17. Kg2 Bxe5 18. fxe5 c5 19. Bc3 a4 20. b4 cxd4 21. Bxd4 Rfc8 22. Bxb6 Rxc4 23. Qb2 Rb8 24. Bd4 Bb5 25. h3 Rbc8 26. Rf2 R4c7 27. Bc5 Qg5 28. Rc1 h6 29. Rfc2 Rf7 30. Kh2 Rf3 31. g4 Rxc5 32. Rxc5 Qxe3 33. Qc3 Qf2+ 34. Kh1 Bf1 0-1

[Event "CFriend SL-2003-0-00013 email"]
[Site "Chessfriend.com"]
[Date "2003.10.27"]
[Round "?"]
[White "Geluk, Peter Paul"]
[Black "Brenner, Renald"]
[Result "1-0"]
[WhiteElo "1374"]
[BlackElo "956"]
[PlyCount "51"]
[EventDate "2003.10.27"]
[EventType "tourn (corr)"]
[EventRounds "12"]
[SourceTitle "Corr 2008"]
[Source "ChessBase"]
[SourceDate "2008.06.24"]
[SourceVersion "1"]
[SourceVersionDate "2008.06.24"]
[SourceQuality "1"]

1. d4 Nf6 2. Bg5 Ne4 3. Bf4 c5 4. d5 d6 5. f3 Nf6 6. e4 g6 7. Bb5+ Bd7 8. Nc3 Bxb5 9. Nxb5 a6 10. Nc3 Bg7 11. Nge2 b5 12. 0-0 0-0 13. Qd2 Nbd7 14. a3 Re8 15. Bh6 Qb6 16. Bxg7 Kxg7 17. Qe3 Rec8 18. Rac1 a5 19. Nf4 Ne5 20. Nd3 Nxd3 21. cxd3 a4 22. Ne2 b4 23. Rb1 b3 24. d4 cxd4 25. Nxd4 Rc4 26. Ne6+ 1-0

[Event "CFriend SL-2003-0-00012 email"]
[Site "Chessfriend.com"]
[Date "2003.09.27"]
[Round "?"]
[White "Brenner, Renald"]
[Black "Trevis, Robert R"]
[Result "1-0"]
[WhiteElo "923"]
[BlackElo "1517"]
[PlyCount "89"]
[EventDate "2003.09.27"]
[EventType "tourn (corr)"]
[EventRounds "6"]
[SourceTitle "Corr 2008"]
[Source "ChessBase"]
[SourceDate "2008.06.24"]
[SourceVersion "1"]
[SourceVersionDate "2008.06.24"]
[SourceQuality "1"]

1. Nf3 d5 2. g3 Nf6 3. Bg2 c6 4. 0-0 Bg4 5. d3 Nbd7 6. Nbd2 e6 7. b3 Bd6 8. Bb2 0-0 9. h3 Bh5 10. e4 e5 11. Qe1 Re8 12. Nh4 Rc8 13. Nf5 Bb4 14. a3 Qb6 15. axb4 Rcd8 16. g4 Bg6 17. Ne3 Qxb4 18. Rxa7 dxe4 19. Nxe4 Qb6 20. Qa5 Qxa5 21. Nxf6+ Nxf6 22. Rxa5 e4 23. Bxf6 gxf6 24. dxe4 Bxe4 25. Bxe4 Rxe4 26. Nf5 Ree8 27. Raa1 Rd2 28. Rae1 Red8 29. c4 Rb2 30. Re3 Kf8 31. Rfe1 b5 32. cxb5 cxb5 33. R1e2 Rxe2 34. Rxe2 Rd3 35. Re3 Rd8 36. Kg2 Rb8 37. Re7 b4 38. Ra7 Kg8 39. Ra6 Kf8 40. Rxf6 Kg8 41. Nh6+ Kg7 42. Rd6 Re8 43. Nf5+ Kf8 44. Rb6 Rd8 45. Rxb4 1-0

[Event "CFriend SL-2003-0-00012 email"]
[Site "Chessfriend.com"]
[Date "2003.09.27"]
[Round "?"]
[White "Vinkes, Henk"]
[Black "Brenner, Renald"]
[Result "0-1"]
[WhiteElo "1413"]
[BlackElo "980"]
[PlyCount "62"]
[EventDate "2003.09.27"]
[EventType "tourn (corr)"]
[EventRounds "6"]
[SourceTitle "Corr 2008"]
[Source "ChessBase"]
[SourceDate "2008.06.24"]
[SourceVersion "1"]
[SourceVersionDate "2008.06.24"]
[SourceQuality "1"]

1. d4 Nf6 2. c4 c5 3. Nf3 e6 4. Nc3 d5 5. dxc5 Bxc5 6. e3 0-0 7. a3 a5 8. Be2 b6 9. 0-0 Ba6 10. cxd5 Bxe2 11. Nxe2 Nxd5 12. Ned4 Bxd4 13. exd4 Nc6 14. Be3 Nxe3 15. fxe3 Rc8 16. Rc1 Ne7 17. Qd3 Rxc1 18. Rxc1 Qb8 19. Ne5 Rc8 20. Rc4 Rxc4 21. Qxc4 Qc8 22. Kf2 f6 23. Qxc8+ Nxc8 24. Nc4 Kf7 25. Kf3 g5 26. Ke4 Ke7 27. g4 Nd6+ 28. Kd3 Nxc4 29. Kxc4 f5 30. Kb5 fxg4 31. Kxb6 h5 0-1

[Event "IECG QN.2003.0.00273 email "]
[Site "IECG email"]
[Date "2003.05.06"]
[Round "?"]
[White "Brenner, Renald"]
[Black "Tobey, Al E"]
[Result "0-1"]
[WhiteElo "968"]
[BlackElo "507"]
[PlyCount "94"]
[EventDate "2003.05.06"]
[EventType "tourn (corr)"]
[EventRounds "6"]
[SourceTitle "Corr 2008"]
[Source "ChessBase"]
[SourceDate "2008.06.24"]
[SourceVersion "1"]
[SourceVersionDate "2008.06.24"]
[SourceQuality "1"]

1. Nf3 d5 2. c4 e6 3. e3 Nf6 4. d4 Nc6 5. Be2 Be7 6. 0-0 0-0 7. Nbd2 b6 8. Qc2 Bb7 9. b3 a5 10. a3 Na7 11. Bb2 c5 12. dxc5 bxc5 13. Rfd1 Qc7 14. Ne5 Bd6 15. Ndf3 dxc4 16. Nxc4 Be7 17. Rd2 Ne4 18. Rdd1 Bf6 19. Bxf6 Nxf6 20. Nfe5 Bd5 21. Bf3 Rad8 22. Bxd5 Nxd5 23. a4 Nb4 24. Qe2 Nd5 25. Rac1 f6 26. Nf3 Nc6 27. h3 e5 28. g3 e4 29. Nh4 Ncb4 30. Rd2 Nd3 31. Rxd3 exd3 32. Qxd3 Nf4 33. Qf1 Nd3 34. Rd1 Nb4 35. Nf5 g6 36. Nfd6 f5 37. Rd2 g5 38. Qd1 f4 39. exf4 gxf4 40. Qg4+ Qg7 41. Qxg7+ Kxg7 42. Nf5+ Kf6 43. Rxd8 Rxd8 44. Ncd6 Ke6 45. gxf4 Nd3 46. Kg2 Nxf4+ 47. Kg3 Nd3 0-1

[Event "IECG TE.2001.P.00809 email"]
[Site "IECG email"]
[Date "2001.10.05"]
[Round "?"]
[White "Brenner, Renald"]
[Black "Lovakovic, Franjo"]
[Result "0-1"]
[WhiteElo "956"]
[BlackElo "2144"]
[PlyCount "54"]
[EventDate "2001.10.05"]
[EventType "tourn (corr)"]
[EventRounds "12"]
[SourceTitle "Corr 2008"]
[Source "ChessBase"]
[SourceDate "2008.06.24"]
[SourceVersion "1"]
[SourceVersionDate "2008.06.24"]
[SourceQuality "1"]

1. e4 d6 2. d4 Nf6 3. Nc3 g6 4. Nf3 Bg7 5. Be3 0-0 6. Qd2 Bg4 7. Be2 a6 8. Bh6 Nc6 9. d5 Bxh6 10. Qxh6 Bxf3 11. Bxf3 Nd4 12. 0-0-0 Nxf3 13. gxf3 Rc8 14. h4 Kh8 15. Rdg1 Rg8 16. f4 Qd7 17. f3 c6 18. dxc6 Qxc6 19. Rg2 Qc5 20. Re1 b5 21. e5 b4 22. Ne4 Nxe4 23. Rxe4 Qb5 24. Rf2 Rxc2+ 25. Kxc2 Qc5+ 26. Kb3 Qxf2 27. Rxb4 a5 0-1

[Event "IECG TE.2001.P.00809 email"]
[Site "IECG email"]
[Date "2001.10.05"]
[Round "?"]
[White "Brenner, Renald"]
[Black "Marcotulli, Giancarlo"]
[Result "1/2-1/2"]
[WhiteElo "956"]
[BlackElo "1911"]
[PlyCount "100"]
[EventDate "2001.10.05"]
[EventType "tourn (corr)"]
[EventRounds "12"]
[SourceTitle "Corr 2008"]
[Source "ChessBase"]
[SourceDate "2008.06.24"]
[SourceVersion "1"]
[SourceVersionDate "2008.06.24"]
[SourceQuality "1"]

1. e4 d6 2. d4 Nf6 3. Nc3 g6 4. Nf3 Bg7 5. Be3 0-0 6. Qd2 e5 7. dxe5 dxe5 8. 0-0-0 Qe7 9. Nd5 Nxd5 10. Qxd5 Nd7 11. Nd2 Nf6 12. Qc5 Qxc5 13. Bxc5 Rd8 14. Bc4 a6 15. h4 b6 16. Be7 Re8 17. Bxf6 Bxf6 18. Bd5 Ra7 19. Rdf1 Bd7 20. f4 c6 21. fxe5 cxd5 22. Rxf6 dxe4 23. Nxe4 Rxe5 24. Ng5 Bf5 25. Nf3 Re6 26. Rxe6 Bxe6 27. Rd1 Rd7 28. Rxd7 Bxd7 29. Kd2 Be6 30. a3 Kf8 31. Nd4 Bc8 32. Ke3 Ke7 33. c4 Kd6 34. b4 f6 35. Kf4 Bb7 36. g3 Bg2 37. Ke3 Bf1 38. Ne2 Ke5 39. Nc3 Bxc4 40. Na4 b5 41. Nc5 Kf5 42. Kf3 Bd5+ 43. Kf2 g5 44. hxg5 fxg5 45. Nxa6 h5 46. Nc5 Ke5 47. a4 bxa4 48. Nxa4 Kd4 49. Nc5 Bc4 50. Nd7 Bd3 1/2-1/2

[Event "IECG TE.2001.P.00809 email"]
[Site "IECG email"]
[Date "2001.10.05"]
[Round "?"]
[White "Brenner, Renald"]
[Black "Wakeham, Marc R"]
[Result "0-1"]
[WhiteElo "956"]
[BlackElo "1667"]
[PlyCount "44"]
[EventDate "2001.10.05"]
[EventType "tourn (corr)"]
[EventRounds "12"]
[SourceTitle "Corr 2008"]
[Source "ChessBase"]
[SourceDate "2008.06.24"]
[SourceVersion "1"]
[SourceVersionDate "2008.06.24"]
[SourceQuality "1"]

1. e4 d6 2. d4 Nf6 3. Nc3 g6 4. Nf3 Bg7 5. Be3 0-0 6. Qd2 c6 7. 0-0-0 b5 8. Bd3 a5 9. Bh6 Na6 10. e5 dxe5 11. Bxg7 Kxg7 12. dxe5 Ng4 13. h3 Nh6 14. Be4 Qxd2+ 15. Rxd2 Bb7 16. Nxb5 Nc5 17. Nc3 Nxe4 18. Nxe4 Rfd8 19. Rhd1 Rxd2 20. Rxd2 Ba6 21. Nfg5 Nf5 22. Rd7 h6 0-1